Introducción a la integración económica / (Registro nro. 3624)

Detalles MARC
000 -LEADER
fixed length control field 01350nam a2200277Ia 4500
003 - CONTROL NUMBER IDENTIFIER
control field OSt
005 - DATE AND TIME OF LATEST TRANSACTION
control field 20200710235932.0
008 - FIXED-LENGTH DATA ELEMENTS--GENERAL INFORMATION
fixed length control field 191128t2000 ck fr 001 0dspa d
020 ## - INTERNATIONAL STANDARD BOOK NUMBER
International Standard Book Number 9589029124
040 ## - CATALOGING SOURCE
Original cataloging agency CO-JMCR
Transcribing agency CO-JMCR
041 0# - LANGUAGE CODE
Language code of text/sound track or separate title spa
082 04 - DEWEY DECIMAL CLASSIFICATION NUMBER
Classification number 337.1 /
Item number V715i
Edition number 23
100 1# - MAIN ENTRY--PERSONAL NAME
Personal name Villamizar Pinto, Hernando,
Relator term autor
9 (RLIN) 7044
245 10 - TITLE STATEMENT
Title Introducción a la integración económica /
Statement of responsibility, etc. Hernando Villamizar Pinto
250 ## - EDITION STATEMENT
Edition statement Segunda edición
260 ## - PUBLICATION, DISTRIBUTION, ETC.
Place of publication, distribution, etc. Bogotá :
Name of publisher, distributor, etc. Universidad Jorge Tadeo Lozano,
Date of publication, distribution, etc. ©2000
300 ## - PHYSICAL DESCRIPTION
Extent 216 páginas ;
Dimensions 24 cm.
490 0# - SERIES STATEMENT
Series statement Estudios de economía
500 ## - GENERAL NOTE
General note Incluye índice temático y datos biográficos del autor en solapa.
504 ## - BIBLIOGRAPHY, ETC. NOTE
Bibliography, etc. note Bibliografía: páginas 151-154
505 0# - FORMATTED CONTENTS NOTE
Formatted contents note Fundamentos teóricos de la integración económica -- Procesos de integración económica en Europa Occidental -- Procesos de integración económica en las Américas -- Proceso de integración económica en Asia
520 3# - SUMMARY, ETC.
Summary, etc. Los procesos de integración económica empezaron a ganar importancia después de la segunda guerra mundial, fundamentados en motivaciones políticas y económicas. Sus objetivos centrales se han orientado a la eliminación de las barreras al comercio y alcanzar
650 14 - SUBJECT ADDED ENTRY--TOPICAL TERM
Topical term or geographic name entry element Integración económica
9 (RLIN) 4008
650 14 - SUBJECT ADDED ENTRY--TOPICAL TERM
Topical term or geographic name entry element Tratados comerciales
9 (RLIN) 2689
942 ## - ADDED ENTRY ELEMENTS (KOHA)
Source of classification or shelving scheme Dewey Decimal Classification
Koha item type Books
Existencias
Withdrawn status Lost status Source of classification or shelving scheme Damaged status Not for loan Collection code Home library Current library Date acquired Source of acquisition Full call number Barcode Date last seen Copy number Koha item type Public note
    Dewey Decimal Classification     Non-fiction Biblioteca Pública José María del Castillo y Rada Biblioteca Pública José María del Castillo y Rada 07/16/2018 Donación 337.1 / V715i 201807498 05/16/2024 Ej.1 Books Algunas páginas rayadas con resaltador.